[Event "Bronshojmesterskabet Gruppe 1 2013"]
[Site "Bronshoj"]
[Date "2013.05.16"]
[Round "7"]
[White "Vovk, Oksana"]
[Black "Carstensen, Jacob"]
[Result "0-1"]
[WhiteElo "2117"]
[BlackElo "2380"]
[PlyCount "86"]
[EventDate "2013.??.??"]
[EventCountry "DEN"]


1. d4 Nf6 2. c4 e6 3. Nf3 c5 4. d5 b5 5. dxe6 fxe6 6. cxb5 d5 7. g3 Be7 8. Bg2
O-O 9. O-O a6 10. bxa6 Nc6 11. b3 Ne4 12. Bb2 Bf6 13. Qc1 Bxa6 14. Re1 Nd4 15.
Nxd4 cxd4 16. Qc6 Qc8 17. Qxc8 Rfxc8 18. Na3 Nc3 19. Bf3 Kf7 20. Bg4 Bxe2 21.
Bxe2 Nxe2+ 22. Rxe2 d3 23. Rd2 Bxb2 24. Rxb2 Rxa3 25. Rd2 Rc2 26. Rxd3 Raxa2
27. Rxa2 Rxa2 28. Kg2 Rb2 29. g4 Kf6 30. Kg3 Ke5 31. f3 d4 32. h4 Kd5 33. h5 e5
34. g5 e4 35. fxe4+ Kxe4 36. Rf3 d3 37. Rf7 d2 38. Re7+ Kd3 39. Rxg7 Rxb3 40.
Kf4 Rb4+ 41. Ke5 Re4+ 42. Kf5 d1=Q 43. Rd7+ Rd4 0-1

[Event "Bronshojmesterskabet Gruppe 1 2013"]
[Site "Bronshoj"]
[Date "2013.05.16"]
[Round "7"]
[White "Dalsberg, Sandra de Blecourt"]
[Black "Greger, Roland Reinhard"]
[Result "0-1"]
[WhiteElo "2039"]
[BlackElo "2344"]
[PlyCount "94"]
[EventDate "2013.??.??"]
[EventCountry "DEN"]


1. d4 Nf6 2. Bg5 e6 3. e4 h6 4. Bxf6 Qxf6 5. Nc3 d6 6. Qd2 g5 7. g3 Bg7 8. Nb5
Na6 9. c3 O-O 10. Bg2 e5 11. Ne2 Bg4 12. f3 Bd7 13. Na3 b5 14. d5 g4 15. O-O
gxf3 16. Bxf3 Qg6 17. b4 c5 18. dxc6 Bxc6 19. Rad1 Rfd8 20. Qd3 Nc7 21. Nc2 a5
22. Bg2 Ne6 23. Ne3 axb4 24. Nf5 Bf8 25. cxb4 Rxa2 26. Nc3 Ra3 27. Nh4 Qg7 28.
Nf5 Qg5 29. h4 Qg6 30. Qd2 Nd4 31. Nxd4 exd4 32. Ne2 Bg7 33. Qc1 Ra2 34. h5
Qxh5 35. Nf4 Rxg2+ 36. Nxg2 Bxe4 37. Qf4 d5 38. g4 Qg6 39. Nh4 Qe6 40. Nf5 Bxf5
41. Qxf5 Qe3+ 42. Kg2 Ra8 43. Qxd5 Qe2+ 44. Rf2 Qxg4+ 45. Kh2 Ra3 46. Qxf7+ Kh8
47. Qe8+ Kh7 0-1

[Event "Bronshojmesterskabet Gruppe 1 2013"]
[Site "Bronshoj"]
[Date "2013.05.16"]
[Round "7"]
[White "Skjoldager, Per"]
[Black "Bruun, Henrik Emil"]
[Result "1-0"]
[WhiteElo "2104"]
[BlackElo "2026"]
[PlyCount "97"]
[EventDate "2013.??.??"]
[EventCountry "DEN"]


1. e4 d6 2. d4 Nf6 3. Nc3 g6 4. g3 Bg7 5. Bg2 O-O 6. h3 c5 7. dxc5 dxc5 8. Qxd8
Rxd8 9. Be3 Nc6 10. Bxc5 Nd7 11. Be3 Nde5 12. Bd2 Be6 13. O-O-O Rac8 14. Nge2
Nb4 15. Bg5 Rxd1+ 16. Rxd1 Nxa2+ 17. Nxa2 Bxa2 18. Nc3 Be6 19. Bxe7 Nc6 20. Bg5
h6 21. Be3 Kh7 22. f4 a6 23. g4 Na5 24. e5 Nc4 25. Bd4 Na5 26. Be4 Bf8 27. f5
Bc4 28. Kb1 Nc6 29. e6 Nxd4 30. Rxd4 fxe6 31. fxg6+ Kg7 32. Rd7+ Kf6 33. Bxb7
Rb8 34. Rf7+ Kxg6 35. Rc7 Bf1 36. h4 Bb4 37. Ne4 h5 38. gxh5+ Kh6 39. Nf6 Rh8
40. Bf3 Bh3 41. Ne4 Rf8 42. Ng5 Bf5 43. Bg4 Bd6 44. Rd7 Bg3 45. Bxf5 Bxh4 46.
Nf7+ Kxh5 47. Bxe6 Rb8 48. Bb3 Rb6 49. Rd6 1-0

[Event "Bronshojmesterskabet Gruppe 1 2013"]
[Site "Bronshoj"]
[Date "2013.05.16"]
[Round "7"]
[White "Brinck Claussen, Bjorn"]
[Black "Skjoldager, Mikael"]
[Result "1/2-1/2"]
[WhiteElo "2218"]
[BlackElo "2064"]
[PlyCount "81"]
[EventDate "2013.??.??"]
[EventCountry "DEN"]


1. c4 Nf6 2. Nc3 e5 3. Nf3 Nc6 4. g3 Bb4 5. Bg2 O-O 6. O-O Re8 7. Nd5 e4 8.
Nxb4 Nxb4 9. Nd4 d5 10. cxd5 Nbxd5 11. Nc2 Bf5 12. b3 Qd7 13. Bb2 Rad8 14. Rc1
Bh3 15. Nd4 Bxg2 16. Kxg2 Re5 17. h3 Rh5 18. Rh1 c5 19. Nc2 Qf5 20. e3 Qd7 21.
Qe2 Rf5 22. a3 Ne7 23. b4 h5 24. Rhd1 Ng6 25. bxc5 Rf3 26. Bxf6 Rxf6 27. Qxh5
Rf5 28. Qe2 Rxc5 29. Nd4 Rdc8 30. Rxc5 Rxc5 31. d3 exd3 32. Rxd3 Ne5 33. Rd1
Qa4 34. f4 Nc4 35. Rd3 b5 36. Qf3 Rc8 37. Qb7 Re8 38. Qd7 Rxe3 39. Qc8+ Kh7 40.
Qf5+ Kg8 41. Qc8+ 1/2-1/2

[Event "Bronshojmesterskabet Gruppe 1 2013"]
[Site "Bronshoj"]
[Date "2013.05.30"]
[Round "8"]
[White "Carstensen, Jacob"]
[Black "Skjoldager, Mikael"]
[Result "1-0"]
[WhiteElo "2380"]
[BlackElo "2064"]
[PlyCount "35"]
[EventDate "2013.??.??"]
[EventCountry "DEN"]


1. d4 Nf6 2. c4 g6 3. Nc3 d5 4. Qb3 dxc4 5. Qxc4 a6 6. Bf4 c6 7. e4 Bg7 8. Nf3
O-O 9. Be2 Nbd7 10. O-O Nh5 11. Be3 e5 12. dxe5 Nxe5 13. Nxe5 Bxe5 14. Bxh5 Qh4
15. f4 Bxc3 16. Qxc3 Qxh5 17. Qf6 c5 18. f5 1-0

[Event "Bronshojmesterskabet Gruppe 1 2013"]
[Site "Bronshoj"]
[Date "2013.05.30"]
[Round "8"]
[White "Bruun, Henrik Emil"]
[Black "Brinck Claussen, Bjorn"]
[Result "1-0"]
[WhiteElo "2026"]
[BlackElo "2218"]
[PlyCount "73"]
[EventDate "2013.??.??"]
[EventCountry "DEN"]


1. e4 c5 2. Nf3 e6 3. d4 cxd4 4. Nxd4 a6 5. Nc3 Qc7 6. Be2 b5 7. a3 Bb7 8. O-O
Nf6 9. Qd3 d6 10. f4 Nbd7 11. Bf3 g6 12. Re1 Bg7 13. Ndxb5 axb5 14. Nxb5 Qb6+
15. Be3 Nc5 16. Nxd6+ Ke7 17. Qc4 Rhc8 18. Nxc8+ Rxc8 19. b4 Nfd7 20. bxc5 Bxa1
21. cxb6 Rxc4 22. Rxa1 Rc3 23. Bf2 Rxc2 24. a4 Kd8 25. a5 Ba6 26. e5 Kc8 27.
Rd1 Nc5 28. Bh4 Nd3 29. Be7 Rc1 30. Rxc1+ Nxc1 31. Kf2 Nb3 32. Bb4 Nd4 33. Be4
Bb7 34. Bd3 Nc6 35. Bc3 Nb8 36. g4 Na6 37. Ke3 1-0

[Event "Bronshojmesterskabet Gruppe 1 2013"]
[Site "Bronshoj"]
[Date "2013.05.30"]
[Round "8"]
[White "Greger, Roland Reinhard"]
[Black "Skjoldager, Per"]
[Result "1-0"]
[WhiteElo "2344"]
[BlackElo "2104"]
[PlyCount "67"]
[EventDate "2013.??.??"]
[EventCountry "DEN"]


1. e4 c6 2. d4 d5 3. e5 Bf5 4. Nc3 e6 5. g4 Bg6 6. Nge2 c5 7. h4 h5 8. Nf4 Bh7
9. Nxh5 cxd4 10. Qxd4 Nc6 11. Bb5 Nge7 12. Bh6 Rg8 13. O-O-O a6 14. Bxc6+ Nxc6
15. Qf4 Qc7 16. Bg5 Rc8 17. Rhe1 Bb4 18. Bf6 Kf8 19. Bxg7+ Rxg7 20. Qh6 Bxc3
21. Qxg7+ Ke7 22. Qg5+ Kf8 23. Qh6+ Ke7 24. bxc3 Nb4 25. Re3 Nxa2+ 26. Kd2 d4
27. Qf6+ Kf8 28. Qg7+ Ke7 29. Rf3 Bg8 30. Qg5+ Kf8 31. Nf6 Nxc3 32. Qxg8+ Ke7
33. Nd5+ Nxd5 34. Rxf7# 1-0

[Event "Bronshojmesterskabet Gruppe 1 2013"]
[Site "Bronshoj"]
[Date "2013.05.30"]
[Round "8"]
[White "Kirknel, Thomas"]
[Black "Dalsberg, Sandra de Blecourt"]
[Result "0-1"]
[WhiteElo "2098"]
[BlackElo "2039"]
[PlyCount "58"]
[EventDate "2013.??.??"]
[EventCountry "DEN"]


1. e4 d5 2. exd5 Qxd5 3. Nc3 Qa5 4. Nf3 Nf6 5. d4 c6 6. Bc4 Bf5 7. O-O e6 8.
Nh4 Bg4 9. Qd3 Qh5 10. g3 g5 11. Ng2 Bf5 12. Qe2 Ng4 13. h4 Rg8 14. f3 Nf6 15.
hxg5 Bd6 16. f4 Qh3 17. gxf6 Nd7 18. Bd3 Bxd3 19. cxd3 Nxf6 20. Ne4 Nxe4 21.
dxe4 Rxg3 22. e5 Be7 23. f5 O-O-O 24. Bf4 Bh4 25. Bxg3 Bxg3 26. Ne3 Rg8 27. Qg2
Bh2+ 28. Kf2 Rxg2+ 29. Nxg2 Qg3+ 0-1

[Event "Bronshojmesterskabet Gruppe 1 2013"]
[Site "Bronshoj"]
[Date "2013.06.06"]
[Round "9"]
[White "Eriksson, Christian Altenburg"]
[Black "Carstensen, Jacob"]
[Result "0-1"]
[WhiteElo "2129"]
[BlackElo "2380"]
[PlyCount "102"]
[EventDate "2013.??.??"]
[EventCountry "DEN"]


1. e4 c5 2. c3 Nf6 3. e5 Nd5 4. Nf3 e6 5. Bc4 d6 6. d4 cxd4 7. cxd4 Be7 8. Qe2
O-O 9. O-O Nc6 10. Nc3 Nxc3 11. bxc3 dxe5 12. dxe5 Qa5 13. Bd2 Rd8 14. Rfe1 Qc7
15. Rac1 b6 16. Bd3 Bb7 17. Bf4 Rd7 18. Nd4 Qd8 19. Qe4 g6 20. Nxc6 Bxc6 21.
Qxc6 Rxd3 22. Be3 Rc8 23. Qa4 Qd7 24. Qa6 Rcxc3 25. h3 Kg7 26. Rxc3 Rxc3 27.
Qe2 Qd3 28. Qf3 Ra3 29. Rd1 Qf5 30. Qe2 g5 31. Qc4 Rxe3 32. fxe3 Bc5 33. Qc3
Qe4 34. Kf2 Qf4+ 35. Ke2 Qg3 36. Rg1 h6 37. a3 a6 38. Qd3 Qxe5 39. Re1 b5 40.
Kf1 Qb2 41. Kg1 Qxa3 42. Qe4 Qc3 43. Re2 a5 44. h4 Qa1+ 45. Kf2 Qf6+ 46. Kg1
Qf4 47. Qd3 b4 48. hxg5 hxg5 49. Kh1 Qe5 50. Kg1 a4 51. Kf2 b3 0-1

[Event "Bronshojmesterskabet Gruppe 1 2013"]
[Site "Bronshoj"]
[Date "2013.06.06"]
[Round "9"]
[White "Dalsberg, Sandra de Blecourt"]
[Black "Vovk, Oksana"]
[Result "1/2-1/2"]
[WhiteElo "2039"]
[BlackElo "2117"]
[PlyCount "21"]
[EventDate "2013.??.??"]
[EventCountry "DEN"]


1. d4 d5 2. c4 c6 3. cxd5 cxd5 4. Nc3 Nf6 5. Bf4 Nc6 6. Rc1 e6 7. e3 a6 8. Bd3
Be7 9. h3 O-O 10. Nf3 Bd7 11. O-O 1/2-1/2

[Event "Bronshojmesterskabet Gruppe 1 2013"]
[Site "Bronshoj"]
[Date "2013.06.06"]
[Round "9"]
[White "Brinck Claussen, Bjorn"]
[Black "Greger, Roland Reinhard"]
[Result "1/2-1/2"]
[WhiteElo "2218"]
[BlackElo "2344"]
[PlyCount "41"]
[EventDate "2013.??.??"]
[EventCountry "DEN"]


1. c4 Nf6 2. Nc3 c5 3. g3 g6 4. Bg2 Bg7 5. Nf3 Nc6 6. d4 cxd4 7. Nxd4 O-O 8.
O-O a6 9. b3 Qa5 10. Bb2 Rb8 11. a3 Nxd4 12. Qxd4 d6 13. b4 Qh5 14. Nd5 e5 15.
Nxf6+ Bxf6 16. Qxd6 Be6 17. Bf3 Qf5 18. Bd5 Bxd5 19. cxd5 Rfd8 20. Qb6 Bg7 21.
Rad1 1/2-1/2

[Event "Bronshojmesterskabet Gruppe 1 2013"]
[Site "Bronshoj"]
[Date "2013.06.06"]
[Round "9"]
[White "Skjoldager, Mikael"]
[Black "Bruun, Henrik Emil"]
[Result "0-1"]
[WhiteElo "2064"]
[BlackElo "2026"]
[PlyCount "84"]
[EventDate "2013.??.??"]
[EventCountry "DEN"]


1. e4 g6 2. d4 Bg7 3. Nc3 d6 4. f4 Nf6 5. Nf3 O-O 6. Bd3 c5 7. d5 Bg4 8. O-O
Na6 9. a3 Nc7 10. h3 Bxf3 11. Qxf3 Nd7 12. Bd2 Rb8 13. Rae1 b5 14. b3 b4 15.
axb4 cxb4 16. Na4 Nb5 17. Bxb5 Rxb5 18. Qd3 Qb8 19. Be3 a6 20. Bd4 Nc5 21. Bxc5
dxc5 22. e5 f6 23. d6 exd6 24. exd6 f5 25. Qd5+ Kh8 26. Re6 Bd4+ 27. Kh1 Qb7
28. Qxb7 Rxb7 29. Rfe1 Kg8 30. Re7 Rf7 31. Rxb7 Rxb7 32. Nb6 Rxb6 33. d7 Bf6
34. Re8+ Kf7 35. d8=Q Bxd8 36. Rxd8 Ke6 37. Kg1 Rd6 38. Rc8 Kd5 39. Kf2 Rc6 40.
Rd8+ Ke4 41. g3 c4 42. c3 bxc3 0-1